000 01180nam a2200277 a 4500
003 OSt
005 20240731094141.0
007 cr ||||||a|c|a
008 240122s2021 mx a|||fom||| 001 0 spa d
040 _erda
100 1 _9188543
_aSoriano Narciso, Ma. del Rosario
245 1 0 _aFactores que inciden en el "declive de las abejas" /
_cpor Ma. del Rosario Soriano Narciso ; director de tesis Ma. del Carmen Sánchez Gálvez.
264 1 _aChapingo, México :
_bEl autor,
_c2021.
300 _a1 recurso en línea (125 páginas):
_bcuadros, figuras.
336 _2rdacontent
_atexto
_btxt
337 _2rdamedia
_acomputadora
_bc
338 _2rdacarrier
_arecurso en línea
_bcr
502 _bIAEPA
_cParasitología
_d2021.
_gLIC
504 _aIncluye referencias bibliográficas: páginas 98-124.
650 4 _9186
_aAbejas
_xEnfermedades
650 4 _9188544
_aAbejas
_xDistribución geográfica
650 4 _9188545
_aAbejas
_xConservación
700 _aSánchez Gálvez, Ma. del Carmen
_eDirector de tesis.
_9164748
856 _uhttp://10.13.5.2/tesis/tl/1412483-1_Soriano_Narciso_Ma_del_Rosario.pdf
_zDESCARGAR PDF
942 _2Clasificación Universidad Autónoma Chapingo
999 _c219571
_d219571